01731nam a2200349Ia 4500001001200000003000800012006001900020007001500039008004100054010001700095020001500112040002100127035002100148050002200169082001400191245018100205260005500386300002400441490004900465500024000514504005100754533015200805650005100957650004501008650006601053655002901119700002301148710001701171830005001188856012601238999001701364ebr10068488CaPaEBRm u cr cn|||||||||920615s1992 dcua sb 101 0 eng d z 92022704  z0309046955 aCaPaEBRcCaPaEBR a(OCoLC)23215816014aRA413b.T4 1992eb04a362.122000aTechnology and health care in an era of limitsh[electronic resource] /cAnnetine C. Gelijns, editor ; Committee on Technological Innovation in Medicine, Institute of Medicine. aWashington, D.C. :bNational Academy Press,c1992. axii, 283 p. :bill.1 aMedical innovation at the crossroads ;vv. 3 aPapers presented at the third Institute of Medicine workshop "The Changing Health Care Economy," held April 18-19, 1991, supported by the Howard Hughes Medical Institute, Pfizer, Inc., and the Health Industry Manufacturers Association. aIncludes bibliographical references and index. aElectronic reproduction.bPalo Alto, Calif. :cebrary,d2009.nAvailable via World Wide Web.nAccess may be limited to ebrary affiliated libraries. 0aManaged care plans (Medical care)vCongresses. 0aMedical carezUnited StatesvCongresses. 0aMedical technologyxEffect of managed care onzUnited States. 7aElectronic books.2local1 aGelijns, Annetine.2 aebrary, Inc. 0aMedical innovation at the crossroads ;vv. 3.40uhttp://site.ebrary.com/lib/rucke/Doc?id=10068488zAn electronic book accessible through the World Wide Web; click to view c41630d41630